000 00377 a2200157 4500
001 63966
020 _a9788536615431 (broch.)
040 _cAnchieta - Pituba
100 _aGonçalves, Tatiane de Oliveira
240 1 0 _aDas coisas invisíveis
_lpor
245 1 0 _aDas coisas invisíveis
300 _a69p.
362 0 _a2009
650 4 _aFicção brasileira
942 _cBK
999 _c63966
_d63966